00334nam a22001217a 450000500170000002000220001703500130003903700130005210000170006524500710008226000400015330000190019320120430122043.0 a8170501091c00.00 aA-409719 aDPLbENG aSharma, R.R. aNew contours of soviet foreign policy /cby R.R. Sharma and others aNew DelhibPatriot Publishersc1989 a186p.c18 cms.